01230 2200265 4500001002100000005001500021035002000036007000300056008004100059020001800100082001800118084002400136100003000160245006200190250001400252300004100266700002400307505048300331600001600814264003400830336003100864337003000895338002300925990001600948INLIS00000000000008020210204104919 a0010-0121000075ta210204 b j ind  a9786022526247 a200-207-017-0 a200-207-017-0 YUG s0 aYugha ErlanggaePengarang1 aSang Pandai Tutur Kata :bNabi Harun AS /cYugha Erlangga aCetakan I ai, 42 Halaman :bAgama ;c28 x 21 cm0 aTim EmirePengarang aNabi Harun AS adalah saudara dari Nabi Musa AS. Namun keduanya berpisah dan setelah sekian lama mereka bertemu kembali di Mesir. Nabi Harun AS dikenal sebagai orang seorang yang cerdas dan pandai dalam bertutur kata. Karena kepandaiannya ini, Nabi Musa AS meminta Nabi Harun AS untuk membantunya dalam berdakwah, khususnya berdakwah kepada Raja Firaun, raja yang lalim. Berhasilkah Nabi Harun AS membantu Nabi Musa AS? Yuk, ikuti kisah Nabi Harun AS selengkapnya di buku ini. 4aCerita Anak aYogyakarta :bErlangga,c2015 aTeks Bergambar2rdacontent aTanpa Perantara2rdamedia aVolume2rdacarrier a00000000380